Bandeiras de territórios e regiões - Statistics

Estatísticas Gerais
  • Esse quiz foi jogado 937 vezes
    793 desde o último reset
  • A pontuação média é 32 de 73
Estatísticas das Respostas
Imagem Resposta % Correto
Porto Rico
79%
Gibraltar
76%
Ilhas Cook
76%
Ilha de Man
74%
Macau
74%
Ilhas Virgens Britânicas
73%
Taiwan
72%
Anguila
70%
Hongkong
70%
Ilhas Virgens Americanas
70%
Guam
68%
Palestina
67%
Aruba
66%
Ilhas Faroe
66%
Montserrat
66%
Samoa Americana
66%
Ilhas Malvinas
65%
Curaçao
64%
Guiana Francesa
63%
Groenlândia
61%
Polinésia Francesa
59%
Catalunha
58%
Niue
58%
Ilhas Cayman
57%
Bermuda
56%
Nova Caledônia
56%
Chipre do Norte
51%
Ilhas Turks e Caicos
51%
Guernsey
50%
Jersey
50%
Tokelau
48%
Ilhas Cocos
47%
Santa Helena
46%
Ilha Norfolk
45%
Saara Ocidental
45%
Bonaire
43%
Ilhas Pitcairn
43%
Mayotte
41%
Quebec
41%
Guadalupe
38%
Wallis e Futuna
36%
Tristão da Cunha
35%
Curdistão
34%
Ilha Christmas
34%
Saba
34%
Somalilândia
34%
Ilhas Marianas do Norte
33%
São Martinho
33%
Transnistria
33%
Criméia
28%
Ilha de Ascensão
28%
Ossetia do Sul
28%
Santo Eustáquio
26%
Abcásia
24%
São Bartolomeu
24%
Tibete
24%
Ilhas Geórgia do Sul e Sandwich do Sul
22%
Terras Austrais e Antárticas Francesas
21%
Artsakh
20%
Bougainville
20%
Chechênia
20%
São Pedro e Miquelão
20%
Território Antártico Britânico
20%
Valônia
20%
Ilha da Reunião
18%
Países Bascos
17%
Papua Oriental
17%
Região flamenga
16%
Darfur
15%
Ilhas de Aland
15%
Território do Oceano Índico Britânico
15%
Barotselândia
8%
Ilha de Lord Howe
8%
Nenhum quiz correspondente encontrado
Distribuição das Pontuações
Porcentagem de Pessoas com Cada Pontuação
Percentil de Números Respondidos
Sua Pontuação Histórica
Você não jogou esse quiz desde o último reset